000 00517nam a22002177a 4500
003 UA-OsUOA
001 49071
007 ta
008 20070920b un ||||| |||| 00| 0 ukr d
090 _a(031)1
_bФ56
942 _cBK
040 _aUA-OsUOA
_brus
_cUA-OsUOA
_dUA-OsUOA
245 _aФилософская энциклопедия
_cКонстантинов Ф. В.
_n3
300 _a583 с.
955 _a2
041 _arus
080 _a(031)1
260 _aМ.
_c1964
650 7 _2UDC
999 _c335177
_d335177